000 00404nam a22001697a 4500
003 OSt
005 20220221100802.0
008 220221b |||||||| |||| 00| 0 eng d
020 _a8131502430
040 _cHU
082 _a658
100 _aWHITE MARGERAT
_930956
245 _aTHE MANAGEMENT OF TECHNOLOGY AND INNVATION
260 _aMEXICO
_bCANADA
_c2007
300 _a404
942 _2ddc
_cBOOKS
_n0
999 _c30954
_d30954